| 000 | 00690na a2200241 4500 | ||
|---|---|---|---|
| 001 | 18046 | ||
| 003 | MIRAKIL | ||
| 005 | 20181213154843.0 | ||
| 008 | 161110b tu 000 0 | ||
| 035 | _a18046 | ||
| 040 |
_aMilas _btur _cTR-AnCHP |
||
| 041 | _atur | ||
| 082 |
_a324.2561 _bA18 2001 |
||
| 090 | _a324.2561 A18 2001 | ||
| 100 | _aAbuşoğlu, Tamer | ||
| 245 |
_aTürkiye gerçeğinin ışığında, doğacak partiye mektuplar _cTamer Abuşoğlu |
||
| 260 |
_aGaziantep _bBleda Yayıncılık _c2001 |
||
| 300 |
_a11 s. _c21 sm. |
||
| 440 |
_aBleda Yayıncılık _v2 |
||
| 490 |
_aSiyasal Bilimler _v1 |
||
| 650 |
_aSiyasal partiler _xÖneriler _zTürkiye |
||
| 942 |
_2ddc _cBKS |
||
| 999 |
_c2050 _d2050 |
||